Quick Pick: TV Sitcom Characters Quiz Stats

Quiz Updated Apr 24, 2016

Challenge
Share
Tweet
Embed
Score 0/10 Timer 01:00
2 Plays Today
% Correct
Sex and the City
92.6%
Home Improvement
89.9%
Cheers
89.1%
The Golden Girls
87.9%
The Office
82.6%
Family Matters
78.3%
30 Rock
77.6%
Arrested Development
75.7%
Parks and Recreation
75.6%
Veep
67.8%

Today's Daily Dose

Missing Word
NPR Programs

Quick Pick
1991 Events

On This Day
June 18th II

You're not logged in!

Compare scores with friends on all Sporcle quizzes.
Join for Free
OR
Log In

You Might Also Like...

Show Comments

Extras

Top Quizzes Today


Score Distribution

Your Account Isn't Verified!

In order to create a playlist on Sporcle, you need to verify the email address you used during registration. Go to your Sporcle Settings to finish the process.

Report this User

Report this user for behavior that violates our Community Guidelines.

Details: